Cẩm nang lập trình
Kaydedildi:
| Yazar: | |
|---|---|
| Materyal Türü: | Kitap |
| Dil: | Undetermined |
| Baskı/Yayın Bilgisi: |
Hà Nội
Giáo Dục
1996
|
| Konular: | |
| Etiketler: |
Etiketle
Etiket eklenmemiş, İlk siz ekleyin!
|
| Thư viện lưu trữ: | Trung tâm Học liệu Trường Đại học Cần Thơ |
|---|
| LEADER | 00505nam a2200169Ia 4500 | ||
|---|---|---|---|
| 001 | CTU_29259 | ||
| 008 | 210402s9999 xx 000 0 und d | ||
| 082 | |a 005.265 | ||
| 082 | |b S105/T1 | ||
| 100 | |a Nguyễn Minh San | ||
| 245 | 0 | |a Cẩm nang lập trình | |
| 245 | 0 | |c Nguyễn Minh San, Hoàng Đức Hải | |
| 260 | |a Hà Nội | ||
| 260 | |b Giáo Dục | ||
| 260 | |c 1996 | ||
| 650 | |a programming ( electronic computers ) | ||
| 980 | |a Trung tâm Học liệu Trường Đại học Cần Thơ | ||